000 01187nam a2200337 a 4500
999 _c450610
_d450610
003 BLK
005 20250521121520.0
008 180411b bul|||||r ||||||| ||bul||
010 _aKNG00186959000
020 _a9786192500368
040 _aBLK
041 _aBUL
_cBUL
072 7 _2bullib
_aН83
_xЧужда художествена литература Н
080 _aАнглийска литература
_b821.111
_x-992
_z821.111-992
100 1 _aПалин, Майкъл
_eпърви автор
_9277849
139 _aПалин, Майкъл
_bП 15
240 _aNorth Korea Journal
245 1 0 _aДневник от Северна Корея
_cМайкъл Палин; прев. от англ. Мария Демирева.
257 _aGBR
260 _aСофия
_bВакон
_c2022
300 _a232 с.
_bсъс сн.
_c21 см
380 _aX
500 _aОриг. загл.: North Korea Journal / Michael Palin.
700 1 _aДемирева, Мария Петрова
_d1984 -
_959801
856 4 _qpdf
856 4 _qpdf
942 _cKNG
_n0
_s1
_019
944 _k30576
_lЦветомила Тодорова
999 _d450610
999 _d450610